000 00761nam a2200229 a 4500
001 000029551
003 DO-SdBNP
005 20180215093207.0
007 000029551
008 140704s2004 dr a 000 0 spa d
040 _aBPMET
_bspa
_cBPMET
110 _4Fundación Institucionalidad y Justicias (República Dominicana )
245 0 0 _aJusticia para todos :
_bnuevo código procesal penal.
260 _aSanto Domingo :
_bFINJUS,
_c2004.
300 _a11 p. :
_bil. ;
_c29 cm.
710 2 _aFundación Institucionalidad y Justicia (FINJUS)
930 1 _lBND01
_mLF1
_820140704
_f01
_pCT
_g45495
930 1 _lBND01
_mLF1
_820140704
_f01
_pCT
_g45495
_he. 2
942 _2ddc
_cBK
945 _ainventariado, 2018 / dg
956 _aVMATEO
_b10
_c20140707
_lBND01
_h1056
999 _c7415
_d7415